书目信息 |
| 题名: |
默多克:竞争策略全书
|
|
| 作者: | 宿景祥 编著 | |
| 分册: | ||
| 出版信息: | 北京 光明日报出版社 2010.04 |
|
| 页数: | 427页 | |
| 开本: | 20cm | |
| 丛书名: | ||
| 单 册: | ||
| 中图分类: | K836.115.3 | |
| 科图分类: | ||
| 主题词: | 历史 , 地理 | |
| 电子资源: | ||
| ISBN: | 7-80091-968-4 | |
| 000 | 00628nam0 2200205 450 | |
| 001 | 2435043786 | |
| 005 | 20240812095108.34 | |
| 010 | @a7-80091-968-4@dCNY28.00 | |
| 100 | @a20240812d2010 km y0chiy0120 ea | |
| 101 | 0 | @achi |
| 102 | @aCN@b110000 | |
| 200 | 1 | @a默多克:竞争策略全书@AMo Duo Ke:Jing Zheng Ce Lue Quan Shu@e@h@i@f宿景祥编著@FSu Jing Xiang Bian Zhu@g |
| 210 | @a北京@c光明日报出版社@d2010.04 | |
| 215 | @a427页@c@d20cm | |
| 606 | 0 | @a历史 |
| 606 | 0 | @a地理 |
| 690 | @aK836.115.3@v4 | |
| 701 | 0 | @a宿景祥@ASu Jing Xiang@4编著 |
| 801 | 0 | @aCN@b大连网信软件有限公司图书馆·11@c20240812@g |
| 905 | @aZUCC@dK836.115.3@e2 | |
| 默多克:竞争策略全书/宿景祥编著.-北京:光明日报出版社,2010.04 |
| 427页;20cm |
| ISBN 7-80091-968-4:CNY28.00 |
| ● |
| 相关链接 |
|
|
|
正题名:默多克:竞争策略全书
索取号:K836.115.3/2
 
预约/预借
| 序号 | 登录号 | 条形码 | 馆藏地/架位号 | 状态 | 备注 |
| 1 | 2001736924 | 210677800 | 中心书库南/008架A面6层5列/ [索取号:K836.115.3/2] | 在馆 | |
| 2 | 2001736925 | 210677828 | 中心书库南/008架A面6层5列/ [索取号:K836.115.3/2] | 在馆 | |
| 3 | 2001736926 | 210677837 | 中心书库南/008架A面6层5列/ [索取号:K836.115.3/2] | 在馆 | |
| 4 | 2001736927 | 210677819 | 中心书库南/008架A面6层5列/ [索取号:K836.115.3/2] | 在馆 | |
| 5 | 2001736928 | 210677846 | 中心书库南/008架A面6层5列/ [索取号:K836.115.3/2] | 在馆 | |
| 6 | 2001736929 | 210678747 | 中心书库南/008架A面6层5列/ [索取号:K836.115.3/2] | 在馆 | |
| 7 | 2001736930 | 210678710 | 中心书库南/008架A面6层5列/ [索取号:K836.115.3/2] | 在馆 | |
| 8 | 2001736931 | 210678729 | 中心书库南/008架A面6层5列/ [索取号:K836.115.3/2] | 在馆 | |
| 9 | 2001736932 | 210678694 | 中心书库南/008架A面6层5列/ [索取号:K836.115.3/2] | 在馆 | |
| 10 | 2001736933 | 210678701 | 中心书库南/008架A面6层5列/ [索取号:K836.115.3/2] | 在馆 |